Calculations of analytical chemistry

Сохранить в:
Библиографические подробности
Главный автор: Leicester F Hamilton
Формат:
Язык:Undetermined
Опубликовано: New York McGraw-Hill 1969
Предметы:
Метки: Добавить метку
Нет меток, Требуется 1-ая метка записи!
Thư viện lưu trữ: Trung tâm Học liệu Trường Đại học Cần Thơ
LEADER 00490nam a2200181Ia 4500
001 CTU_2817
008 210402s9999 xx 000 0 und d
082 |a 543 
082 |b H217 
100 |a Leicester F Hamilton 
245 0 |a Calculations of analytical chemistry 
245 0 |c Leicester F Hamilton 
260 |a New York 
260 |b McGraw-Hill 
260 |c 1969 
650 |a chemistry, analytic 
904 |i Minh, 960829 
980 |a Trung tâm Học liệu Trường Đại học Cần Thơ